| 000 | 01099nam a2200313 i 4500 | ||
|---|---|---|---|
| 003 | EG-GICUC | ||
| 005 | 20260509231317.0 | ||
| 008 | 260509s1982 ua |||fr|||| 00| 0 ara d | ||
| 017 | _a82/4361 | ||
| 040 |
_a EG-GICUC _bara _c EG-GICUC _d EG-GICUC _erda |
||
| 041 | 0 | _aAra | |
| 082 | 0 | 4 |
_221 _a345.532 _bع ب . ح |
| 092 | 0 | 4 | _221 |
| 099 | _aLaw1 07 345.532 ع ب . ح 3 - ed 1982 | ||
| 100 | 0 |
_aعبدالمنعم حسنى _eمؤلف. |
|
| 245 | 1 | 2 |
_aالحجز الأدارى : _n(علماً وعملا) / _cتأليف عبدالمنعم حسنى. |
| 250 | _aالطبعة الثالثة, مزيدة ومنقحة. | ||
| 264 | 1 |
_aالجيزة : _bمدونة التشريع والقضاء ، _c1982. |
|
| 300 |
_a838 ؛ صفحة _c24 سم. |
||
| 336 |
_2rda content _atext |
||
| 337 |
_2rda media _aComputer |
||
| 338 |
_2rda carrier _aOnline Resource |
||
| 546 | _aالنص باللغة العربية | ||
| 650 | 1 |
_aالقانون الاداري _2qrmak |
|
| 651 | 1 | _2qrmak | |
| 856 | 4 | 0 | _uhttps://fll.law.cu.edu.eg/fulltext/bks/B07-02310.pdf |
| 905 | _a47 | ||
| 942 |
_2ddc _cBK _e21 _n0 |
||
| 999 |
_c76437 _d76437 |
||